Länder mit der höchsten Urbanisierung - Statistiken

Allgemein
  • Dieses Quiz wurde 44 mal gespielt
  • Das Durchschnittsergebnis liegt bei 10 aus 20
Antwortstatistiken
Bewertung Land % Korrekt
100% Monaco
95%
100% Singapur
93%
94% San Marino
90%
92% Luxemburg
88%
100% Vatikanstadt
85%
94% Japan
70%
98% Katar
60%
95% Malta
58%
91% Niederlande
55%
97% Belgien
53%
89% Bahrain
50%
99% Kuwait
43%
89% Australien
40%
92% Israel
35%
100% Nauru
30%
94% Island
23%
92% Argentinien
20%
90% Chile
20%
95% Uruguay
15%
89% Venezuela
13%
Keine übereinstimmenden Quizze gefunden
Verteilung der Resultate
Anzahl Personen mit jedem Resultat
Perzentil nach korrekt beantworteten Fragen
Ihre Resultats-Entwicklung
Sie haben dieses Quiz noch nicht gespielt